000 00575nam a2200229Ia 4500
003 OSt
005 20220918190833.0
006 a|||||r|||| 00| 0
007 ta
008 220917b |||||||| |||| 00| 0 eng d
024 _a59,932
037 _cTextual
040 _aARTS
_cARTS
_beng
041 _2eng
_aeng
082 _aQ2:4xD55:1, 51J3-;2
100 _aAngir
_973899
245 0 _aAngira smrti ed by A N Krishna Aiyangar
260 _c1953
650 _aRELIGION
942 _hQ2:4xD55:1, 51J3-;2
_cTEXL
_2CC
999 _c187021
_d187021